Les atomes
Đã lưu trong:
| Tác giả chính: | |
|---|---|
| Định dạng: | Sách |
| Ngôn ngữ: | Tiếng Pháp |
| Được phát hành: |
París
Felix Alcan
1924
|
| Những chủ đề: | |
| Các nhãn: |
Thêm thẻ
Không có thẻ, Là người đầu tiên thẻ bản ghi này!
|
MARC
| LEADER | 00000nam a2200000 a 4500 | ||
|---|---|---|---|
| 001 | UCH3091 | ||
| 003 | CL-VaPUC | ||
| 008 | 090715e19240000FR |||||||||||||||||fre|d | ||
| 082 | 0 | 4 | |a 539.14 |b PER |2 21 |
| 100 | 0 | |a Perrin, Jean |e author |9 535642 | |
| 245 | 1 | 4 | |a Les atomes |
| 300 | |a 234 p | ||
| 942 | |c BK | ||
| 945 | |d 20090715 00:00:00 |a rbrito | ||
| 260 | |a París |b Felix Alcan |c 1924 | ||
| 650 | 0 | |a Átomos |9 259583 | |
| 650 | 0 | |a Moléculas |9 259584 | |
| 650 | 0 | |a partículas elementales |9 349874 | |
| 650 | 7 | |a FISICA NUCLEAR |2 CL-VaPUC |9 270366 | |
| 650 | 7 | |a PROPIEDADES ATOMICAS |2 CL-VaPUC |9 360510 | |
| 650 | 7 | |a REACCIONES NUCLEARES |2 CL-VaPUC |9 370148 | |
| 650 | 7 | |a TEORIA NUCLEAR |2 CL-VaPUC |9 538248 | |
| 583 | |a last modification |c 20090715 00:00:00 |k Rodrigo Vera | ||
| 999 | |c 334729 |d 334727 | ||